[Event "Titled Tuesday intern op 12th Sep Late"]
[Site "Chess.com INT"]
[Date "2023.09.12"]
[Round "4"]
[White "Nilsen, Tobias Lang"]
[Black "Popilski, Gil"]
[Result "0-1"]
[WhiteElo "2219"]
[BlackElo "2445"]
[PlyCount "128"]
[EventDate "2023.09.12"]
[EventType "swiss (blitz)"]
[EventRounds "11"]
[EventCountry "USA"]
[SourceTitle "EXT 2024"]
[Source "ChessBase"]
[SourceDate "2023.10.10"]
[SourceVersion "1"]
[SourceVersionDate "2023.10.10"]
[SourceQuality "1"]

1. e4 c5 2. Nf3 d6 3. d4 cxd4 4. Qxd4 a6 5. c4 Nc6 6. Qd2 Nf6 7. Nc3 Bg4 8. Nd4 g6 9. b3 Nxd4 10. Qxd4 Bg7 11. Bb2 0-0 12. Qd2 Qa5 13. f3 Bd7 14. Bd3 b5 15. 0-0 Rfc8 16. Rac1 Be6 17. cxb5 axb5 18. Rfd1 Nd7 19. Nxb5 Rxc1 20. Qxc1 Qb6+ 21. Kh1 Rxa2 22. Bxg7 Kxg7 23. Qc3+ Ne5 24. Nd4 Qa5 25. Qxa5 Rxa5 26. Bf1 Ra2 27. Rb1 Bd7 28. b4 Rd2 29. Nb3 Ra2 30. b5 g5 31. Nd4 Bc8 32. b6 Bb7 33. Kg1 g4 34. Rc1 gxf3 35. Nxf3 Bxe4 36. Nxe5 dxe5 37. Rc7 Kf6 38. b7 Rb2 39. Ba6 Rxg2+ 40. Kf1 Rb2 41. Ke1 Ke6 42. Rc4 Bxb7 43. Bxb7 Rxb7 44. Rh4 f5 45. Rxh7 e4 46. Ke2 f4 47. Rh5 Kf6 48. Rc5 Rb2+ 49. Kf1 Rxh2 50. Kg1 Re2 51. Kf1 f3 52. Rb5 e5 53. Rb8 Kf5 54. Rf8+ Kg4 55. Rg8+ Kf4 56. Ra8 Ke3 57. Ra3+ Kf4 58. Ra8 Rb2 59. Kg1 e3 60. Ra4+ Kg3 61. Ra1 Rg2+ 62. Kh1 Rh2+ 63. Kg1 e2 64. Ra3 e1R# 0-1

[Event "Titled Tuesday intern op 12th Sep Late"]
[Site "Chess.com INT"]
[Date "2023.09.12"]
[Round "1"]
[White "Popilski, Gil"]
[Black "Ozen, Batuhan"]
[Result "1-0"]
[WhiteElo "2445"]
[BlackElo "2128"]
[PlyCount "67"]
[EventDate "2023.09.12"]
[EventType "swiss (blitz)"]
[EventRounds "11"]
[EventCountry "USA"]
[SourceTitle "EXT 2024"]
[Source "ChessBase"]
[SourceDate "2023.10.10"]
[SourceVersion "1"]
[SourceVersionDate "2023.10.10"]
[SourceQuality "1"]

1. e4 g6 2. d4 Bg7 3. Nf3 d6 4. Be2 Nf6 5. Nc3 0-0 6. 0-0 c5 7. dxc5 dxc5 8. Bf4 Nc6 9. Re1 Nd4 10. e5 Nh5 11. Be3 Nxe2+ 12. Qxe2 Be6 13. Bxc5 Nf4 14. Qe4 Nd5 15. Ne2 Qc7 16. Ba3 Rfd8 17. Ned4 Bc8 18. Rad1 a6 19. e6 f5 20. Qd3 b5 21. Qb3 Bb7 22. h4 Rac8 23. c3 Qf4 24. h5 Qg4 25. hxg6 hxg6 26. Nh2 Qg5 27. Ndf3 Qh5 28. Rd2 Bh6 29. Rd4 Bf4 30. Red1 Bxh2+ 31. Nxh2 f4 32. Bxe7 Re8 33. Rxd5 Rxe7 34. Rxh5 1-0

[Event "Titled Tuesday intern op 05th Sep Late"]
[Site "Chess.com INT"]
[Date "2023.09.05"]
[Round "1"]
[White "Ladan, Nicholas John"]
[Black "Popilski, Gil"]
[Result "1-0"]
[WhiteElo "2235"]
[BlackElo "2445"]
[PlyCount "73"]
[EventDate "2023.09.05"]
[EventType "swiss (blitz)"]
[EventRounds "11"]
[EventCountry "USA"]
[SourceTitle "EXT 2024"]
[Source "ChessBase"]
[SourceDate "2023.10.10"]
[SourceVersion "1"]
[SourceVersionDate "2023.10.10"]
[SourceQuality "1"]

1. d4 Nf6 2. Bf4 d6 3. e3 Bf5 4. Bd3 c6 5. Bxf5 Qa5+ 6. Nc3 Qxf5 7. Nf3 Nbd7 8. 0-0 e5 9. Bg3 e4 10. Nd2 d5 11. f3 exf3 12. Rxf3 Qe6 13. Qe2 Bb4 14. Re1 0-0 15. e4 dxe4 16. Ndxe4 Nxe4 17. Qxe4 Qc4 18. Be5 Nxe5 19. dxe5 Qxe4 20. Rxe4 Bc5+ 21. Kf1 Rad8 22. Ke2 Rfe8 23. Rd3 Kf8 24. b4 Bg1 25. h3 Ke7 26. b5 Ke6 27. bxc6 bxc6 28. Kf3 Bb6 29. Rc4 Rxd3+ 30. cxd3 c5 31. Ke4 Rd8 32. Ne2 g5 33. g4 Rd5 34. d4 cxd4 35. Rc6+ Kd7 36. Kxd5 d3 37. Nc3 1-0

[Event "Titled Tuesday intern op 29th Aug Late"]
[Site "Chess.com INT"]
[Date "2023.08.29"]
[Round "5"]
[White "Miszler, Levente"]
[Black "Popilski, Gil"]
[Result "1-0"]
[WhiteElo "2315"]
[BlackElo "2445"]
[PlyCount "89"]
[EventDate "2023.08.29"]
[EventType "swiss (blitz)"]
[EventRounds "11"]
[EventCountry "USA"]
[SourceTitle "EXT 2024"]
[Source "ChessBase"]
[SourceDate "2023.10.10"]
[SourceVersion "1"]
[SourceVersionDate "2023.10.10"]
[SourceQuality "1"]

1. Nf3 d5 2. c4 e6 3. g3 Nf6 4. Bg2 Be7 5. 0-0 0-0 6. d4 dxc4 7. Qc2 c6 8. a4 c5 9. dxc5 Na6 10. Rd1 Nb4 11. Rxd8 Nxc2 12. Rxf8+ Kxf8 13. Ra2 Bxc5 14. Bd2 Ne4 15. e3 f6 16. Nc3 Nd6 17. Nb5 e5 18. Ne1 Nb4 19. Bxb4 Bxb4 20. Nc2 Bc5 21. Nca3 Nxb5 22. Nxb5 a6 23. Nc7 Ra7 24. Bd5 b5 25. Ne6+ Bxe6 26. Bxe6 Ke7 27. Bd5 Rd7 28. e4 Bd4 29. axb5 axb5 30. Bc6 Rc7 31. Bxb5 Kd6 32. Ra4 c3 33. bxc3 Rxc3 34. Ra2 Kc5 35. Bd7 Kc4 36. Be6+ Kd3 37. Bd5 g6 38. Kg2 f5 39. exf5 gxf5 40. Bg8 h6 41. Bh7 Ke4 42. g4 Kf4 43. Bxf5 Rf3 44. Re2 Rc3 45. h4 1-0

[Event "Titled Tuesday intern op 08th Aug Early"]
[Site "Chess.com INT"]
[Date "2023.08.08"]
[Round "2"]
[White "Popilski, Gil"]
[Black "Aronian, Levon"]
[Result "0-1"]
[WhiteElo "2445"]
[BlackElo "2742"]
[PlyCount "52"]
[EventDate "2023.08.08"]
[EventType "swiss (blitz)"]
[EventRounds "11"]
[EventCountry "USA"]
[SourceTitle "EXT 2024"]
[Source "ChessBase"]
[SourceDate "2023.10.10"]
[SourceVersion "1"]
[SourceVersionDate "2023.10.10"]
[SourceQuality "1"]

1. e4 c5 2. Nf3 e6 3. d4 cxd4 4. Nxd4 Nc6 5. Nc3 Qc7 6. Be3 a6 7. Bd3 Nf6 8. 0-0 b5 9. Nxc6 dxc6 10. f4 c5 11. e5 Nd7 12. a4 b4 13. Ne4 Bb7 14. Nd2 Nb6 15. a5 Nd5 16. Nc4 Nxe3 17. Nxe3 c4 18. Nxc4 Bc5+ 19. Kh1 0-0 20. Nd6 Bxd6 21. exd6 Qc6 22. Qd2 Rad8 23. f5 exf5 24. Rxf5 Rxd6 25. Raf1 b3 26. cxb3 Rxd3 0-1

[Event "Titled Tuesday intern op 01st Aug Early"]
[Site "Chess.com INT"]
[Date "2023.08.01"]
[Round "4"]
[White "Popilski, Gil"]
[Black "Demidov, Mikhail"]
[Result "0-1"]
[WhiteElo "2445"]
[BlackElo "2566"]
[PlyCount "44"]
[EventDate "2023.08.01"]
[EventType "swiss (blitz)"]
[EventRounds "11"]
[EventCountry "USA"]
[SourceTitle "EXT 2024"]
[Source "ChessBase"]
[SourceDate "2023.10.10"]
[SourceVersion "1"]
[SourceVersionDate "2023.10.10"]
[SourceQuality "1"]

1. e4 Nf6 2. Nc3 d5 3. exd5 Nxd5 4. Bc4 Nb6 5. Bb3 g6 6. a4 c6 7. Qf3 e6 8. h4 h6 9. Nge2 Bg7 10. d4 Nd5 11. Ne4 0-0 12. Qg3 Nd7 13. h5 f5 14. Bxh6 fxe4 15. Bxg7 Kxg7 16. Qxg6+ Kh8 17. Qh6+ Kg8 18. Qg6+ Kh8 19. Qh6+ Kg8 20. Qxe6+ Rf7 21. Nf4 Nf8 22. Qh6 Rh7 0-1

[Event "Titled Tuesday intern op 01st Aug Early"]
[Site "Chess.com INT"]
[Date "2023.08.01"]
[Round "3"]
[White "Popilski, Gil"]
[Black "Rasulov, Vugar Ural Oglu"]
[Result "1-0"]
[WhiteElo "2445"]
[BlackElo "2549"]
[PlyCount "91"]
[EventDate "2023.08.01"]
[EventType "swiss (blitz)"]
[EventRounds "11"]
[EventCountry "USA"]
[SourceTitle "EXT 2024"]
[Source "ChessBase"]
[SourceDate "2023.10.10"]
[SourceVersion "1"]
[SourceVersionDate "2023.10.10"]
[SourceQuality "1"]

1. e4 c6 2. d4 d5 3. exd5 cxd5 4. c4 Nf6 5. Nc3 e6 6. Nf3 Be7 7. cxd5 Nxd5 8. Bc4 0-0 9. 0-0 Nc6 10. Re1 Nf6 11. a3 b6 12. Bg5 Bb7 13. Ba2 Rc8 14. Qd3 Na5 15. Rad1 Nd5 16. Bxe7 Nxe7 17. Ng5 Ng6 18. h4 Qf6 19. Nce4 Bxe4 20. Rxe4 Rcd8 21. Rg4 Qf5 22. Qxf5 exf5 23. Rg3 Nc6 24. d5 Nce5 25. h5 Nf4 26. Re3 Ng4 27. Re7 h6 28. Nxf7 Rxf7 29. d6 Nf6 30. Rxf7 Kh7 31. Bb1 Kg8 32. Rxa7 Ne4 33. Bxe4 fxe4 34. Re7 Nxh5 35. d7 Nf6 36. Re6 b5 37. Re5 Kf7 38. Rxb5 Ke6 39. Rb6+ Ke7 40. Rb7 g5 41. a4 h5 42. a5 h4 43. a6 g4 44. a7 g3 45. fxg3 hxg3 46. Rb8 1-0

[Event "Charlotte Super op"]
[Site "Charlotte"]
[Date "2023.07.10"]
[Round "2"]
[White "Senft, Sean"]
[Black "Popilski, Gil"]
[Result "0-1"]
[WhiteElo "2160"]
[BlackElo "2443"]
[PlyCount "112"]
[EventDate "2023.07.09"]
[EventType "swiss"]
[EventRounds "9"]
[EventCountry "USA"]
[SourceTitle "CBM 215 Extra"]
[Source "ChessBase"]
[SourceDate "2023.09.30"]
[SourceVersion "1"]
[SourceVersionDate "2023.09.30"]
[SourceQuality "1"]

1. d4 Nf6 2. c4 e6 3. Nf3 Bb4+ 4. Nc3 c5 5. g3 d5 6. cxd5 Nxd5 7. Bd2 Nc6 8. Nxd5 Bxd2+ 9. Qxd2 Qxd5 10. dxc5 Qxc5 11. Rc1 Qb5 12. Bg2 0-0 13. 0-0 e5 14. b3 Rd8 15. Qe3 f6 16. Rfd1 Be6 17. Rd2 Qa5 18. h4 Rxd2 19. Qxd2 Qa3 20. h5 Rd8 21. Qc2 e4 22. Ne1 Nd4 23. Qc7 Re8 24. Rd1 Rc8 25. Qxb7 Nxe2+ 26. Kf1 Nc3 27. Rd2 f5 28. h6 gxh6 29. Rc2 Qc5 30. Kg1 Rc7 31. Qb8+ Kg7 32. Qe8 Qd6 33. Bf1 Rc8 34. Qh5 a5 35. Ng2 Rc5 36. Nf4 Bf7 37. Qh3 Qd1 38. Rxc3 Rxc3 39. Qxf5 Qd6 40. Qxe4 Rc1 41. Qe3 Rc2 42. Bd3 Rxa2 43. Qe4 Bg8 44. Qf5 Kh8 45. Nh5 Qd4 46. Nf6 Rd2 47. Be4 Re2 48. Bd3 Re5 49. Qf3 Bxb3 50. Qa8+ Kg7 51. Ne8+ Rxe8 52. Qxe8 Qxd3 53. Qe5+ Kg6 54. Qxa5 Bd5 55. Qb6+ Kh5 56. g4+ Kxg4 0-1

[Event "Titled Tuesday intern op 04th Jul Late"]
[Site "Chess.com INT"]
[Date "2023.07.04"]
[Round "3"]
[White "Popilski, Gil"]
[Black "Eljanov, Pavel"]
[Result "1-0"]
[WhiteElo "2443"]
[BlackElo "2694"]
[PlyCount "89"]
[EventDate "2023.07.04"]
[EventType "swiss (blitz)"]
[EventRounds "11"]
[EventCountry "USA"]
[SourceTitle "EXT 2024"]
[Source "ChessBase"]
[SourceDate "2023.10.10"]
[SourceVersion "1"]
[SourceVersionDate "2023.10.10"]
[SourceQuality "1"]

1. e4 c6 2. Nf3 d5 3. Nc3 dxe4 4. Nxe4 Nf6 5. Qe2 Nxe4 6. Qxe4 Be6 7. c4 Nd7 8. h3 Nf6 9. Qe3 Bf5 10. d4 e6 11. Be2 Bb4+ 12. Bd2 Bxd2+ 13. Qxd2 Ne4 14. Qb4 Qb6 15. Qxb6 axb6 16. a3 h6 17. 0-0 g5 18. Rfe1 0-0-0 19. Rad1 Nd6 20. Bf1 c5 21. b4 cxd4 22. Nxd4 Bg6 23. c5 bxc5 24. bxc5 Nf5 25. Nb5 h5 26. Bd3 Kb8 27. Bxf5 Bxf5 28. Nd6 Bg6 29. Rd4 Kc7 30. Rb4 Rb8 31. Rb6 g4 32. Re3 gxh3 33. Rxh3 Ra8 34. Rxb7+ Kc6 35. Rc3 Ra6 36. Re7 Rha8 37. Nxf7 Bxf7 38. Rxf7 Rxa3 39. Rff3 Rxc3 40. Rxc3 Rf8 41. f3 Rg8 42. Kh2 Rg5 43. Kh3 e5 44. g3 Rf5 45. Kh4 1-0

[Event "Titled Tuesday intern op 30th May Late"]
[Site "Chess.com INT"]
[Date "2023.05.30"]
[Round "3"]
[White "Omariev, Maksim"]
[Black "Popilski, Gil"]
[Result "0-1"]
[WhiteElo "2304"]
[BlackElo "2443"]
[PlyCount "56"]
[EventDate "2023.05.30"]
[EventType "swiss (blitz)"]
[EventRounds "11"]
[EventCountry "USA"]
[SourceTitle "CBM 214 Extra"]
[Source "ChessBase"]
[SourceDate "2023.07.31"]
[SourceVersion "1"]
[SourceVersionDate "2023.07.31"]
[SourceQuality "1"]

1. e4 c5 2. Nf3 e6 3. d4 cxd4 4. Nxd4 Nc6 5. c4 Nf6 6. Nxc6 bxc6 7. Bd3 e5 8. 0-0 Bc5 9. Nc3 0-0 10. Bg5 h6 11. Bh4 g5 12. Bg3 d6 13. a3 a5 14. Rb1 Rb8 15. Kh1 Be6 16. Na4 Bd4 17. b4 axb4 18. axb4 h5 19. f3 h4 20. Bf2 Bxf2 21. Rxf2 Nh5 22. Rd2 Qf6 23. Bf1 Qf4 24. Qe1 Ng3+ 25. Kg1 Nxf1 26. Kxf1 Qxh2 27. Qf2 Bxc4+ 28. Re2 Qh1+ 0-1

[Event "Titled Tuesday intern op 30th May Late"]
[Site "Chess.com INT"]
[Date "2023.05.30"]
[Round "4"]
[White "Popilski, Gil"]
[Black "Nilsen, Tobias Lang"]
[Result "1-0"]
[WhiteElo "2443"]
[BlackElo "2219"]
[PlyCount "61"]
[EventDate "2023.05.30"]
[EventType "swiss (blitz)"]
[EventRounds "11"]
[EventCountry "USA"]
[SourceTitle "CBM 214 Extra"]
[Source "ChessBase"]
[SourceDate "2023.07.31"]
[SourceVersion "1"]
[SourceVersionDate "2023.07.31"]
[SourceQuality "1"]

1. c4 c5 2. g3 g6 3. Bg2 Bg7 4. Nc3 Nc6 5. Rb1 d6 6. a3 e6 7. b4 Nge7 8. Bb2 0-0 9. Ne4 Bxb2 10. Rxb2 f5 11. Nc3 e5 12. e3 Be6 13. Nd5 e4 14. Ne2 cxb4 15. Nef4 Bxd5 16. cxd5 Ne5 17. 0-0 bxa3 18. Rxb7 Rf7 19. d4 Nc4 20. Qa4 Nb6 21. Qxa3 Nbxd5 22. Nxd5 Nxd5 23. Rxf7 Kxf7 24. Qa2 Ke6 25. f3 Qg5 26. fxe4 Qxe3+ 27. Kh1 fxe4 28. Bh3+ Ke7 29. Qxd5 Rf8 30. Qb7+ Ke8 31. Qd7# 1-0

[Event "Titled Tuesday intern op 16th May Late"]
[Site "Chess.com INT"]
[Date "2023.05.16"]
[Round "3"]
[White "Popilski, Gil"]
[Black "Krzyzanowski, Marcin"]
[Result "0-1"]
[WhiteElo "2443"]
[BlackElo "2512"]
[PlyCount "28"]
[EventDate "2023.05.16"]
[EventType "swiss (blitz)"]
[EventRounds "11"]
[EventCountry "USA"]
[SourceTitle "CBM 214 Extra"]
[Source "ChessBase"]
[SourceDate "2023.07.31"]
[SourceVersion "1"]
[SourceVersionDate "2023.07.31"]
[SourceQuality "1"]

1. e4 e5 2. Nf3 Nc6 3. Bb5 a6 4. Ba4 d6 5. 0-0 g6 6. Bxc6+ bxc6 7. d4 exd4 8. Qxd4 Qf6 9. e5 dxe5 10. Nxe5 Bg7 11. Rd1 Bf5 12. Nxc6 Qxd4 13. Nxd4 0-0-0 14. Be3 c5 0-1

[Event "Titled Tuesday intern op 02nd May Early"]
[Site "Chess.com INT"]
[Date "2023.05.02"]
[Round "3"]
[White "Madaminov, Mukhiddin"]
[Black "Popilski, Gil"]
[Result "1-0"]
[WhiteElo "2422"]
[BlackElo "2443"]
[PlyCount "139"]
[EventDate "2023.05.02"]
[EventType "swiss (blitz)"]
[EventRounds "11"]
[EventCountry "USA"]
[SourceTitle "EXT 2024"]
[Source "ChessBase"]
[SourceDate "2023.10.10"]
[SourceVersion "1"]
[SourceVersionDate "2023.10.10"]
[SourceQuality "1"]

1. d4 Nf6 2. Nc3 e6 3. Bf4 Bb4 4. e3 Nd5 5. Nge2 Nxf4 6. exf4 d5 7. g3 Nd7 8. Bg2 Nf6 9. 0-0 0-0 10. Qd2 Re8 11. Rad1 Bd7 12. Rfe1 a6 13. Nc1 c5 14. Nd3 cxd4 15. Nxb4 dxc3 16. Qxc3 Rc8 17. Qd2 Qb6 18. c3 Ba4 19. Rc1 h6 20. Nd3 d4 21. c4 Bc6 22. b3 Bxg2 23. Kxg2 Qc6+ 24. f3 b5 25. Ne5 Qb6 26. Red1 Red8 27. Qb4 Rc5 28. Nd3 Rc7 29. a4 Rb7 30. axb5 axb5 31. c5 Qc6 32. Ne5 Qd5 33. c6 Rc7 34. Rc5 Qd6 35. Rxb5 Nd5 36. Qxd6 Ne3+ 37. Kg1 Rxd6 38. Rd2 f6 39. Rb7 Rxb7 40. cxb7 Rb6 41. Rxd4 Rxb7 42. Rd3 fxe5 43. Rxe3 exf4 44. gxf4 Kf7 45. Kg2 Kf6 46. Kg3 Rb4 47. h4 Kf5 48. Rc3 Kf6 49. Rd3 Kf5 50. Re3 Kf6 51. Kg4 Kf7 52. h5 Kf6 53. Rc3 g6 54. hxg6 Kxg6 55. Re3 Kf6 56. Kg3 Kf5 57. Re5+ Kf6 58. Re3 Kf5 59. Rc3 Kf6 60. Kg4 Kg6 61. Rd3 Kf6 62. Re3 Kf7 63. Kg3 Kf6 64. Rc3 Kf5 65. Kf2 h5 66. Ke3 h4 67. Rc5+ Kg6 68. Rc3 h3 69. Kf2 Rxf4 70. Kg3 1-0

[Event "Titled Tuesday intern op 02nd May Early"]
[Site "Chess.com INT"]
[Date "2023.05.02"]
[Round "6"]
[White "Popilski, Gil"]
[Black "Acor, Corey B"]
[Result "0-1"]
[WhiteElo "2443"]
[BlackElo "2216"]
[PlyCount "40"]
[EventDate "2023.05.02"]
[EventType "swiss (blitz)"]
[EventRounds "11"]
[EventCountry "USA"]
[SourceTitle "EXT 2024"]
[Source "ChessBase"]
[SourceDate "2023.10.10"]
[SourceVersion "1"]
[SourceVersionDate "2023.10.10"]
[SourceQuality "1"]

1. e4 e5 2. Nf3 Nc6 3. Bb5 Nge7 4. Nc3 d6 5. d4 Bd7 6. Be3 Ng6 7. Bc4 Be7 8. Nd5 Bg4 9. c3 Nh4 10. Rg1 0-0 11. h3 Nxf3+ 12. gxf3 Bh5 13. Qd2 Kh8 14. f4 f5 15. fxe5 dxe5 16. Rg5 Bxg5 17. Bxg5 Qd7 18. f4 fxe4 19. dxe5 Qxh3 20. Kf2 Nxe5 0-1

[Event "Titled Tuesday intern op 02nd May Early"]
[Site "Chess.com INT"]
[Date "2023.05.02"]
[Round "2"]
[White "Popilski, Gil"]
[Black "Ibarra Jerez, Jose Carlos"]
[Result "1-0"]
[WhiteElo "2443"]
[BlackElo "2563"]
[PlyCount "77"]
[EventDate "2023.05.02"]
[EventType "swiss (blitz)"]
[EventRounds "11"]
[EventCountry "USA"]
[SourceTitle "EXT 2024"]
[Source "ChessBase"]
[SourceDate "2023.10.10"]
[SourceVersion "1"]
[SourceVersionDate "2023.10.10"]
[SourceQuality "1"]

1. e4 c5 2. Nf3 Nc6 3. Bb5 e6 4. 0-0 Nge7 5. d4 cxd4 6. Nxd4 Ng6 7. a4 Be7 8. Be3 0-0 9. Qh5 Qc7 10. Nf3 a6 11. Bd3 Nf4 12. Qg4 Nxd3 13. cxd3 f5 14. Qh5 Ne5 15. Nxe5 Qxe5 16. Nc3 g6 17. Qe2 f4 18. Bb6 f3 19. Qe3 Qh5 20. Kh1 Bg5 21. Qc5 fxg2+ 22. Kxg2 Qf3+ 23. Kg1 Rf4 24. Qxg5 Rg4+ 25. Qxg4 Qxg4+ 26. Kh1 Qf3+ 27. Kg1 d6 28. e5 Bd7 29. Ne4 Bc6 30. exd6 Qxd3 31. Nf6+ Kf7 32. Ng4 Qxd6 33. Rad1 Qf4 34. Rd4 Qg5 35. h4 Qe7 36. Rf4+ Kg8 37. Bd4 e5 38. Bxe5 Rf8 39. Nh6# 1-0

[Event "Titled Tuesday intern op 25th Apr Late"]
[Site "Chess.com INT"]
[Date "2023.04.25"]
[Round "1"]
[White "Kruckenhauser, Arthur"]
[Black "Popilski, Gil"]
[Result "0-1"]
[WhiteElo "2364"]
[BlackElo "2443"]
[PlyCount "88"]
[EventDate "2023.04.25"]
[EventType "swiss (blitz)"]
[EventRounds "11"]
[EventCountry "USA"]
[SourceTitle "EXT 2024"]
[Source "ChessBase"]
[SourceDate "2023.10.10"]
[SourceVersion "1"]
[SourceVersionDate "2023.10.10"]
[SourceQuality "1"]

1. e4 e5 2. Nf3 Nf6 3. Nxe5 d6 4. Nf3 Nxe4 5. d4 d5 6. Bd3 Bd6 7. 0-0 0-0 8. c4 c6 9. Nc3 Nxc3 10. bxc3 dxc4 11. Bxc4 Bf5 12. Re1 Nd7 13. Bd3 Bxd3 14. Qxd3 Re8 15. Rxe8+ Qxe8 16. Bd2 Qe6 17. a4 Nb6 18. a5 Qc4 19. Qf5 Qd5 20. Qxd5 Nxd5 21. g3 b5 22. axb6 Nxb6 23. Ra6 Kf8 24. Be3 Ke7 25. Nd2 Kd7 26. c4 Bb4 27. d5 c5 28. Ne4 Nxc4 29. Nxc5+ Bxc5 30. Bxc5 Ne5 31. Rxa7+ Rxa7 32. Bxa7 Kd6 33. Bb8+ Kxd5 34. Bxe5 Kxe5 35. f3 Kd4 36. Kf2 Kd3 37. f4 f5 38. Kf3 h5 39. h4 Kd2 40. Kf2 g6 41. Kf3 Ke1 42. Ke3 Kf1 43. Kd4 Kg2 44. Ke5 Kxg3 0-1

[Event "Titled Tuesday intern op 03rd Jan Late"]
[Site "Chess.com INT"]
[Date "2023.01.03"]
[Round "2"]
[White "Martinez Alcantara, Jose Eduardo"]
[Black "Popilski, Gil"]
[Result "1-0"]
[WhiteElo "2603"]
[BlackElo "2443"]
[PlyCount "53"]
[EventDate "2023.01.03"]
[EventType "swiss (blitz)"]
[EventRounds "11"]
[EventCountry "USA"]
[SourceTitle "EXT 2024"]
[Source "ChessBase"]
[SourceDate "2023.10.10"]
[SourceVersion "1"]
[SourceVersionDate "2023.10.10"]
[SourceQuality "1"]

1. e4 e5 2. Nf3 Nf6 3. Nxe5 d6 4. Nf3 Nxe4 5. d4 d5 6. Bd3 Bd6 7. 0-0 0-0 8. c4 c6 9. Re1 Bf5 10. Qb3 Na6 11. Nc3 Re8 12. cxd5 cxd5 13. Qxd5 Nxc3 14. Rxe8+ Qxe8 15. Qxf5 g6 16. Qf6 Ne2+ 17. Bxe2 Qxe2 18. Bh6 Bf8 19. Bxf8 Rxf8 20. d5 Nb4 21. d6 Nd3 22. Qd4 Rd8 23. Rf1 Nxb2 24. Ne5 Na4 25. Ng4 b5 26. Nh6+ Kf8 27. Qh8# 1-0

[Event "Titled Tuesday intern op 03rd Jan Late"]
[Site "Chess.com INT"]
[Date "2023.01.03"]
[Round "6"]
[White "Zomorrodian, Eilia"]
[Black "Popilski, Gil"]
[Result "0-1"]
[WhiteElo "2119"]
[BlackElo "2443"]
[PlyCount "88"]
[EventDate "2023.01.03"]
[EventType "swiss (blitz)"]
[EventRounds "11"]
[EventCountry "USA"]
[SourceTitle "EXT 2024"]
[Source "ChessBase"]
[SourceDate "2023.10.10"]
[SourceVersion "1"]
[SourceVersionDate "2023.10.10"]
[SourceQuality "1"]

1. Nf3 g6 2. c4 Bg7 3. g3 e5 4. d3 Ne7 5. Bg2 0-0 6. Nc3 c6 7. 0-0 d5 8. Bg5 d4 9. Ne4 f6 10. Bc1 f5 11. Ned2 a5 12. c5 Na6 13. Qc2 h6 14. b3 Nd5 15. Nc4 e4 16. Nfe5 Qe8 17. f4 exf3 18. Nxf3 Ndb4 19. Qd2 Nxc5 20. Ba3 Nca6 21. Nxa5 c5 22. Rac1 b6 23. Nc4 Rb8 24. Bxb4 Nxb4 25. Nd6 Qe6 26. Nxc8 Rbxc8 27. Ne1 Rfe8 28. Rf2 Nd5 29. Bxd5 Qxd5 30. Ng2 g5 31. Rcf1 Re5 32. h4 Bf6 33. Qc2 b5 34. a4 c4 35. axb5 c3 36. b6 Rb8 37. Qa2 Rxb6 38. Qa7 Rbe6 39. Qb8+ Re8 40. Qc7 Rxe2 41. Rxe2 Rxe2 42. Rf2 Rxf2 43. Kxf2 Qe5 44. hxg5 Qxc7 0-1

[Event "Titled Tuesday intern op 27th Dec Late"]
[Site "Chess.com INT"]
[Date "2022.12.27"]
[Round "2"]
[White "Bas Mas, Jose Joaquin"]
[Black "Popilski, Gil"]
[Result "0-1"]
[WhiteElo "2241"]
[BlackElo "2443"]
[PlyCount "80"]
[EventDate "2022.12.27"]
[EventType "swiss (blitz)"]
[EventRounds "11"]
[EventCountry "USA"]
[SourceTitle "EXT 2024"]
[Source "ChessBase"]
[SourceDate "2023.10.10"]
[SourceVersion "1"]
[SourceVersionDate "2023.10.10"]
[SourceQuality "1"]

1. e4 e5 2. Nf3 Nc6 3. Bb5 Nf6 4. Bxc6 dxc6 5. d3 Nd7 6. 0-0 Bd6 7. b3 0-0 8. Nbd2 Re8 9. Bb2 Nf8 10. h3 Ng6 11. a4 a5 12. Nc4 f6 13. Bc1 Be6 14. Bd2 b6 15. Qe2 Bf8 16. Kh1 Qd7 17. Nh2 f5 18. exf5 Bxf5 19. g4 Qd5+ 20. Qf3 Be6 21. Qxd5 cxd5 22. Ne3 Nf4 23. Rae1 Nxh3 24. Ng2 Bd6 25. f3 Re7 26. Re2 Rf8 27. Rfe1 Bc8 28. c4 Bb7 29. d4 dxc4 30. dxe5 Bc5 31. Be3 Rxe5 32. Bxc5 Rxc5 33. Nh4 cxb3 34. Nf5 Nf4 35. Re7 Rfxf5 36. gxf5 Rxf5 37. Rxc7 Bd5 38. Re8+ Rf8 39. Ree7 Ne6 40. Rcd7 b2 0-1

[Event "Titled Tuesday intern op 27th Dec Late"]
[Site "Chess.com INT"]
[Date "2022.12.27"]
[Round "4"]
[White "Kleinman, Michael"]
[Black "Popilski, Gil"]
[Result "0-1"]
[WhiteElo "2387"]
[BlackElo "2443"]
[PlyCount "66"]
[EventDate "2022.12.27"]
[EventType "swiss (blitz)"]
[EventRounds "11"]
[EventCountry "USA"]
[SourceTitle "EXT 2024"]
[Source "ChessBase"]
[SourceDate "2023.10.10"]
[SourceVersion "1"]
[SourceVersionDate "2023.10.10"]
[SourceQuality "1"]

1. e4 e5 2. Nf3 Nf6 3. Nxe5 d6 4. Nf3 Nxe4 5. d4 d5 6. Bd3 Bd6 7. 0-0 0-0 8. Re1 Bf5 9. c4 c6 10. Nc3 Nxc3 11. bxc3 Bxd3 12. Qxd3 dxc4 13. Qxc4 Nd7 14. a4 Qa5 15. Bd2 Rae8 16. Qb3 Qb6 17. Qc4 Qc7 18. h3 h6 19. a5 Rxe1+ 20. Nxe1 Re8 21. Nf3 c5 22. Be3 Rc8 23. Qd5 Nf6 24. Qf5 Qc6 25. Rb1 Nd5 26. Bd2 b5 27. axb6 Nxb6 28. dxc5 Bxc5 29. Ne5 Qd5 30. Be3 Bxe3 31. fxe3 Re8 32. e4 Qxe5 33. Qf3 Nc4 0-1

[Event "Titled Tuesday intern op 27th Dec Late"]
[Site "Chess.com INT"]
[Date "2022.12.27"]
[Round "6"]
[White "Perez Ponsa, Federico"]
[Black "Popilski, Gil"]
[Result "0-1"]
[WhiteElo "2538"]
[BlackElo "2443"]
[PlyCount "50"]
[EventDate "2022.12.27"]
[EventType "swiss (blitz)"]
[EventRounds "11"]
[EventCountry "USA"]
[SourceTitle "EXT 2024"]
[Source "ChessBase"]
[SourceDate "2023.10.10"]
[SourceVersion "1"]
[SourceVersionDate "2023.10.10"]
[SourceQuality "1"]

1. d4 Nf6 2. c4 g6 3. Nc3 d5 4. cxd5 Nxd5 5. e4 Nxc3 6. bxc3 Bg7 7. Nf3 c5 8. Bb5+ Nd7 9. 0-0 0-0 10. Rb1 Nf6 11. Bd3 b6 12. d5 c4 13. Bc2 e6 14. dxe6 Bxe6 15. Nd4 Qc7 16. e5 Qxe5 17. Re1 Qa5 18. a4 Nd5 19. Rb5 Nxc3 20. Rxa5 Nxd1 21. Nxe6 fxe6 22. Ra6 Nxf2 23. Be3 Ng4 24. Be4 Rad8 25. Rxa7 Nxe3 0-1